000 00661nam a22001937a 4500
008 211026b ||||| |||| 00| 0 eng d
020 _a9780273750451
050 _aHG4026.M388 2011
100 _aMclaney, Eddie
_950593
245 _aBusiness Finance
_btheory and practice
_c/by Eddie Mclaney
250 _a9th. ed.
260 _aHarlow:
_bPearson,
_cc2011.
300 _axviii, 518p.;
_c27cm.
650 _aBusiness enterprises
_xFinance
_950594
650 _aBusiness enterprises
_xFinance
_xProblems, exercises
_950595
650 _aCorporations
_xFinance
_941215
650 _aCorporations
_xFinance
_xProblems, exercises
_950596
942 _2lcc
_cMONOGRAPH
999 _c130943
_d130943